000 00990nas a2200313 4500
001 BR2011006922
003 BR-BrBNA
005 20231205120141.0
007 ta
008 230509b bl.|||p| |||| 00| 00por d
040 _aBR-BrBNA
_bpor
_cBiblioteca Nacional de Agricultura
041 _a(Pt)
072 _aQ70
100 1 _aFeltes, M.M.C.
100 1 _aCorreia, J.F.G.
100 1 _aBeirão, L.H.
100 1 _aBlock, J.M.
100 1 _aNinow, J.L.
100 1 _aSpiller, V.R.
245 1 _aAlternativas para a agregação de valor aos resíduos da industrialização de peixe
650 _aINDÚSTRIA ALIMENTÍCIA
650 _aSUBPRODUTO
650 _aÓLEO
650 _aVALOR NUTRITIVO
773 0 _tRevista Brasileira de Engenharia Agrícola e Ambiental (Brazil)
_xISSN 1807-1929
_g(Jun 2010), v.14(6) p. 669-677
_wBR2011006922
856 4 0 _uhttp://www.scielo.br/pdf/rbeaa/v14n6/a14v14n6.pdf
909 _a202311
_bLúcia
_c55
_dLúcia Elande
942 _2AGRIS
_n0
_cANA
999 _c217229
_d217229